|
|
|
|
| LEADER |
00685nam a22001817a 4500 |
| 008 |
131008b xxu||||| |||| 00| 0 eng d |
| 999 |
|
|
|c 4052
|d 4052
|
| 020 |
|
|
|a 9788171801251
|
| 082 |
|
|
|a 894.1301
|b URO
|
| 100 |
|
|
|a ഉറൂബ്
|
| 240 |
|
|
|a Vasantayute amma
|
| 245 |
|
|
|a വസന്തയുടെ അമ്മ /
|c ഉറൂബ്
|
| 260 |
|
|
|a കോഴിക്കോട് :
|b പൂര്ണ പബ്ലിക്കേഷന്സ്,
|c 2001.
|
| 300 |
|
|
|a 96p.
|
| 650 |
|
|
|a Stories
|
| 700 |
|
|
|a Uroob
|
| 942 |
|
|
|2 ddc
|c BK
|
| 952 |
|
|
|0 0
|1 0
|2 ddc
|4 0
|6 894_130100000000000_URO
|7 0
|9 4835
|a MAIN
|b MAIN
|d 2013-10-08
|e Poorna Publications
|g 50.00
|o 894.1301 URO
|p 4686
|r 2013-10-08
|w 2013-10-08
|y BK
|